Ciudad Abierta: agora 7.1.1971

Uloženo v:
Podrobná bibliografie
Médium: Kniha
Jazyk:španělština
Vydáno: Viña del Mar Facultad de Arquitectura, U.C.V 1971
Témata:
Tagy: Přidat tag
Žádné tagy, Buďte první, kdo vytvoří štítek k tomuto záznamu!

MARC

LEADER 00000nam a2200000 a 4500
001 UCN0878
003 CL-VaPUC
008 010406e19710000CL |||||||||||||||||spa|d
082 0 4 |a 711.40983  |b CIU  |2 21 
245 1 0 |a Ciudad Abierta: agora 7.1.1971 
300 |a pág. irreg 
942 |c BK 
945 |d 20010406 00:00:00  |a crobeson 
260 |a Viña del Mar  |b Facultad de Arquitectura, U.C.V  |c 1971 
650 0 |a Urbanismo  |9 255208 
650 0 |a Espacios urbanos  |9 262902 
650 0 |a Planificación urbana   |9 258176 
651 0 |a Ciudad Abierta  |9 456237 
651 0 |a Ritoque  |9 390392 
583 |a last modification  |c 20010406 00:00:00  |k Rodrigo Vera 
999 |c 294492  |d 294490 
952 |0 0  |1 0  |4 0  |6 711_409830000000000_CIU_1971  |7 0  |8 R  |9 346965  |a BIBARQ  |b BIBARQ  |d 2019-11-20  |i 1246682  |l 21  |m 3  |o 711.40983 CIU 1971  |p 1246682  |r 2025-01-20  |s 2023-11-02  |w 2019-11-20  |y BK_R  |k ARQ 
952 |0 0  |1 1  |4 0  |6 711_409830000000000_CIU_1971  |7 0  |8 R  |9 346966  |a BIBARQ  |b BIBARQ  |d 2019-11-20  |i 1246690  |o 711.40983 CIU 1971  |p 1246690  |r 2019-11-20  |w 2019-11-20  |x Retirado en Inventario 2023  |y BK_R  |k ARQ 
952 |0 0  |1 0  |4 0  |6 711_409830000000000_CIU_1971  |7 0  |8 R  |9 346967  |a BIBARQ  |b BIBARQ  |d 2019-11-20  |i 3724220  |l 10  |m 3  |o 711.40983 CIU 1971  |p 3724220  |r 2025-04-25  |s 2025-04-22  |w 2019-11-20  |y BK_R  |k ARQ